|
|
|
|
| LEADER |
01497nam a2200337 a 4500 |
| 001 |
39628 |
| 003 |
BD-DhAAL |
| 008 |
220920r20141985enka b 001 0 eng d |
| 999 |
|
|
|c 44067
|d 44067
|
| 010 |
|
|
|a 85004262
|
| 020 |
|
|
|a 9780582553798 (pbk)
|
| 020 |
|
|
|a 0582550874 (pbk.)
|
| 020 |
|
|
|z 0582553792
|
| 040 |
|
|
|a DLC
|c DLC
|d DLC
|d BD-DhAAL
|
| 050 |
0 |
0 |
|a P302
|b .C68 1985
|
| 082 |
0 |
0 |
|a 401.41
|
| 100 |
1 |
|
|a Coulthard, Malcolm.
|9 51445
|
| 245 |
1 |
3 |
|a An introduction to discourse analysis /
|c Malcolm Coulthard.
|
| 260 |
|
|
|a New York:
|b Routledge, Taylor & Francis Group,
|c 1985 [2014].
|
| 300 |
|
|
|a x, 216 pages :
|b illustrations ;
|c 22 cm.
|
| 490 |
|
|
|a Applied linguistics and language study
|
| 504 |
|
|
|a Includes bibliographical references (pages [194]-209) and index.
|
| 526 |
|
|
|a ENH
|
| 541 |
|
|
|a Book Finder International
|e 39628, 39629
|
| 650 |
|
0 |
|a Discourse analysis.
|9 51446
|
| 650 |
|
0 |
|a English language.
|9 51447
|
| 830 |
|
|
|a Applied linguistics and language study
|9 51448
|
| 852 |
|
|
|a Ayesha Abed Library
|c General Stacks
|
| 942 |
|
|
|2 ddc
|c BK
|
| 952 |
|
|
|0 0
|1 0
|2 ddc
|4 0
|6 401_410000000000000_COU
|7 0
|9 71862
|a BRACUL
|b BRACUL
|c GEN
|d 2022-09-12
|e Book Finder International
|g 2834.80
|l 5
|m 15
|o 401.41 COU
|p 3010039629
|q 2026-09-16
|r 2026-05-19
|s 2026-05-19
|t 2
|v 2834.80
|w 2022-09-12
|y BK
|
| 952 |
|
|
|0 0
|1 0
|2 ddc
|4 0
|6 401_410000000000000_COU
|7 0
|9 71863
|a BRACUL
|b BRACUL
|c GEN
|d 2022-09-12
|e Book Finder International
|g 2834.80
|l 3
|m 14
|o 401.41 COU
|p 3010039628
|r 2025-07-01
|s 2025-06-24
|t 1
|v 2834.80
|w 2022-09-12
|y BK
|